ZONA MONUMENTAL DEL CENTRO DE LA CIUDAD DE MEXICO : (Registro nro. 18109)
[ vista simple ]
| 000 -LEADER | |
|---|---|
| fixed length control field | 00502nam a2200181 a 4500 |
| 001 - CONTROL NUMBER | |
| control field | 18109 |
| 003 - CONTROL NUMBER IDENTIFIER | |
| control field | Mx-PuUPA |
| 005 - DATE AND TIME OF LATEST TRANSACTION | |
| control field | 20260115130637.0 |
| 008 - FIXED-LENGTH DATA ELEMENTS--GENERAL INFORMATION | |
| fixed length control field | 140415s1976 000 0 spa d |
| 040 ## - CATALOGING SOURCE | |
| Transcribing agency | Mx-PuUPA |
| 041 ## - LANGUAGE CODE | |
| Language code of text/sound track or separate title | spa |
| 082 ## - DEWEY DECIMAL CLASSIFICATION NUMBER | |
| Classification number | 731.7672 |
| Item number | ZON |
| 245 00 - TITLE STATEMENT | |
| Title | ZONA MONUMENTAL DEL CENTRO DE LA CIUDAD DE MEXICO : |
| Remainder of title | PRIMERA ETAPA |
| 260 ## - PUBLICATION, DISTRIBUTION, ETC. | |
| Place of publication, distribution, etc. | [s.l.] : |
| Name of publisher, distributor, etc. | INSTITUTO NACIONAL DE ANTROPOLOGIA E HISTORIA, |
| Date of publication, distribution, etc. | 1976 |
| 300 ## - PHYSICAL DESCRIPTION | |
| Extent | 172 |
| 650 14 - SUBJECT ADDED ENTRY--TOPICAL TERM | |
| Topical term or geographic name entry element | MONUMENTOS |
| General subdivision | (CIUDAD) |
| -- | MEXICO |
| 942 ## - ADDED ENTRY ELEMENTS (KOHA) | |
| Source of classification or shelving scheme | Dewey Decimal Classification |
| Koha item type | Libro |
| Withdrawn status | Lost status | Source of classification or shelving scheme | Damaged status | Not for loan | Collection code | Home library | Current library | Shelving location | Date acquired | Source of acquisition | Inventory number | Total Checkouts | Full call number | Barcode | Date last seen | Price effective from | Koha item type |
|---|---|---|---|---|---|---|---|---|---|---|---|---|---|---|---|---|---|
| Dewey Decimal Classification | General | Biblioteca Karol Wojtyla | Biblioteca Karol Wojtyla | Sala general | 03/12/2013 | Compra | 151000000000000000027055 | 731.7672 ZON | 366 | 05/01/2026 | 03/12/2013 | Libro |